000 00474nam a22001697a 4500
005 20241122103856.0
008 241122b |||||||| |||| 00| 0 eng d
020 _a978-0443067846
082 _a617.6342
_bCLI
245 _aClinical Problem Solving in Dentistry /
_cEdited by Edward W. Odell
250 _a3rd ed.
260 _aUK :
_bElsevier ;
_c2010 .
300 _a324p. :
_bill ;
_c28 cm.
500 _aInclude Index.
650 _aMedical / Dentistry
999 _c36785
_d36785